Metallica Lyrics – #29: The Shortest Straw - Statistics

General Stats
  • This quiz has been taken 12 times
  • The average score is 62 of 162
Answer Stats
Answer % Correct
Shortest
100%
shortest
100%
straw,
100%
straw
100%
by
88%
The
88%
be
75%
been
75%
for
75%
has
75%
in
75%
In
75%
law,
75%
pulled
75%
you
75%
you,
75%
to
63%
A
50%
die,
50%
done
50%
is
50%
liberty
50%
live
50%
raw,
50%
riding
50%
Rub
50%
through
50%
your
50%
Your
50%
accusations
38%
are
38%
Behind
38%
blame
38%
challenge
38%
day
38%
decay
38%
Determining
38%
disfigure
38%
Downed
38%
hands
38%
honesty
38%
hunt,
38%
hunt
38%
hysteria
38%
infamy
38%
inner
38%
mass
38%
modern
38%
name
38%
self
38%
Suspicion
38%
tied
38%
Witch
38%
witch
38%
and
25%
begun
25%
being
25%
blatant
25%
clear
25%
crystal
25%
damage
25%
dementia,
25%
dignity
25%
disarray,
25%
Discrimination,
25%
dishonor
25%
eyes'
25%
fly
25%
it
25%
Its
25%
lie
25%
living
25%
megalomania
25%
multiplied
25%
ostracized
25%
Put
25%
Secretly,
25%
shame,
25%
silently,
25%
why?
25%
will
25%
With
25%
You're
25%
Blacklisted
13%
bring
13%
Catch-22,
13%
certainly
13%
Channels
13%
chase,
13%
common
13%
Deafening,
13%
Defying
13%
deluding
13%
disappeared
13%
disgrace
13%
doth
13%
Doubt
13%
fallout
13%
hell
13%
intruding
13%
itself
13%
many
13%
nadir
13%
none
13%
nothing
13%
One
13%
Oppressive
13%
painstaking,
13%
paper
13%
place
13%
public
13%
reaching
13%
reckoning
13%
red
13%
Reveal
13%
reveal
13%
said
13%
sunk
13%
talons
13%
teeth
13%
This
13%
turned
13%
Unending
13%
unending
13%
Upending
13%
vertigo
13%
word
13%
dead
0%
Defending
0%
make
0%
No matching quizzes found
Score Distribution
Percent of People with Each Score
Percentile by Number Answered
Your Score History
You have not taken this quiz